| 000 | 00617cas a22001935a 4500 | ||
|---|---|---|---|
| 001 | L138304 | ||
| 008 | 070525c xxkur p 0 a0eng u | ||
| 035 | _a(Sirsi) u138304 | ||
| 041 | 0 | _aeng | |
| 110 | 2 |
_aRoyal Institution of Chartered Surveyors _bJunior Organisation _91458 |
|
| 245 | 0 | 0 |
_aHermes _bThe Journal for Junior Surveyors in London |
| 260 |
_aLondon _bRICS _c[198?]- |
||
| 362 | 0 | _a15(3) February 1993 | |
| 520 | _aProduced in conjunction with Estates Times. | ||
| 554 | _aUnknown | ||
| 651 | 4 |
_aLondon (Region) _c1986-2000 |
|
| 690 | _aMANAGEMENT-BUSINESS MANAGEMENT-PROFESSIONAL PRACTICE | ||
| 942 | _n0 | ||
| 999 |
_c118966 _d118966 |
||